[Event "IECG CC.2007.0.00146 email"]
[Site "IECG email"]
[Date "2007.02.11"]
[Round "?"]
[White "Kirsten, Johannes"]
[Black "Giordano, Michael"]
[Result "0-1"]
[WhiteElo "1600"]
[BlackElo "1789"]
[PlyCount "70"]
[EventDate "2007.02.11"]
[EventType "tourn (corr)"]
[EventRounds "6"]
[SourceTitle "Corr 2024"]
[Source "ChessBase"]
[SourceDate "2023.10.19"]
[SourceVersion "1"]
[SourceVersionDate "2023.10.19"]
[SourceQuality "1"]

1. e4 e5 2. f4 d5 3. exd5 e4 4. Nc3 Nf6 5. Bb5+ c6 6. dxc6 bxc6 7. Bc4 Bc5 8. d3 Qe7 9. d4 Bd6 10. Nge2 Nbd7 11. 0-0 Nb6 12. Bb3 0-0 13. Ng3 c5 14. a3 cxd4 15. Nce2 d3 16. cxd3 exd3 17. Qxd3 Bc5+ 18. Kh1 Rd8 19. Qc2 Ba6 20. Bd2 Bd3 21. Qc3 Rac8 22. Rae1 Qb7 23. Rf3 Be4 24. Ref1 Bxf3 25. Rxf3 Bxa3 26. Qe3 Ng4 27. Bxf7+ Qxf7 28. Qxa3 Rxd2 29. h3 Nf6 30. Nf5 Rxe2 31. Rg3 Kh8 32. Qd3 Rc1+ 33. Kh2 Ree1 34. Qd8+ Ne8 35. Nd6 Rh1# 0-1